Score 0/16 Timer 04:00
1 Play Today
Scramble Word % Correct
GLEBARAAlgebra
91.7%
SVNIDIOIDivision
74.5%
MTEGORYEGeometry
66.6%
TDANDIOIAddition
54.5%
BUNSERMNumbers
51.2%
GMOALHTIRLogarithm
50.6%
ESCOINCosine
50.4%
UTIQNEOAEquation
50.3%
Scramble Word % Correct
COBNICAFIFibonacci
48.3%
MEOTHERTheorem
46.7%
PONXTENESExponents
43.7%
GAPRYSOTHAPythagoras
41.4%
LCCURTALAOCalculator
36.2%
TCLFOIARAFactorial
22%
CLARDASIRadicals
21%
MCHARIDESEArchimedes
20.5%
Remove Ads.
Support Sporcle.
Get the best of Sporcle when you Go Orange. This ad-free experience offers more features, more stats, and more fun while also helping to support Sporcle. Thank you for becoming a member.

You're not logged in!

Compare scores with friends on all Sporcle quizzes.
OR
Log In

Show Comments

Extras

Top Quizzes Today


Score Distribution

Your Account Isn't Verified!

In order to create a playlist on Sporcle, you need to verify the email address you used during registration. Go to your Sporcle Settings to finish the process.

Report this User

Report this user for behavior that violates our Community Guidelines.

Details: